00579nam a2200157 a 450000100100000000500170001000800410002704000250006808200150009324500810010826000710018930000210026004900090028195201140029099900170040400003295120200930065931.0110804s19uu dr 000 0 spa d aDO-SdBNPbspacBNPHU axxxbG373o10aOleos :bcuatro sonetos en homenaje del generalísimo /cPedro M. Germán. aLa Romana, República Dominicana :bImprenta El Heraldo,c[s.f.]. a[9 p.] ;c18 cm. aBNPD 00107-18PDaPDbPDcOId2011-08-04iLF1l0oxxx G373op32951-10r2020-06-25w2020-06-25yLFPDZNo se presta c32442d32442